Harry Potter: Serdaigle - Statistiques

Statistiques générales
  • Ce quiz a été pris 365 fois
    338 depuis la dernière actualisation
  • Le résultat moyen est 19 sur 40
Statistiques - réponses
Information Réponses % Correct
Animal Aigle
96%
Fondatrice Rowena Serdaigle
96%
Relique Diadème
95%
Première apparition Harry Potter à l'école des sorciers
94%
Dernière apparition Harry Potter et les Reliques de la Mort
93%
Directeur Filius Flitwick
92%
Elève connu (Avant Harry) Filius Flitwick
92%
Elève connue Cho Chang
91%
Fantôme Dame Grise
91%
Elève connue Luna Lovegood
83%
Caractéristiques Intelligence, Sagesse, Érudition, Réflexion, Curiosité, Originalité et Créativité
81%
Couleurs Bleu et bronze
77%
Moyen d'entrer dans la salle commune Répondre à une question
65%
Elève connue (Préfète promotion Harry) Padma Patil
61%
Elève connu (Avant Harry) Gilderoy Lockhart
53%
Elève connue (Préfète promotion Percy) Pénélope Deauclaire
53%
Adjectif utilisé par le choixpeau pour les décrire (1ere chanson) Sages
53%
Elève connue (Avant Harry) Helena Serdaigle
44%
Elève connu (Préfet promotion Harry) Anthony Goldstein
40%
Elève connu (Avant Harry) Quirinus Quirrell
37%
Elève connu Michael Corner
34%
Adjectif utilisé par le choixpeau pour les décrire (1ere chanson) Erudits
33%
Elève connue Marietta Edgecombe
33%
Capitaine de l'équipe Roger Davies
30%
Elève connu Roger Davies
30%
Elève connu (Avant Harry) Garrick Ollivander
29%
Elève connue (Avant Harry) Sibylle Trelawney
28%
Adjectif utilisé par le choixpeau pour les décrire (1ere chanson) Réfléchis
27%
Emplacement de la salle commune Aile Ouest
25%
Elève connu Terry Bott
21%
Elève connue (Avant Harry) Mimi Geignarde
20%
Elève connu Marcus Belby
11%
Elève connue Lisa Turpin
7%
Elève connue Mandy Brocklehurst
7%
Elève connue (Avant Harry) Millicent Bagnold
7%
Elève connu Stewart Ackerley
7%
Elève connu (Avant Harry) Florian Fortarome
6%
Elève connu Eddie Carmichael
5%
Elève connue Orla Quirke
4%
Elève connu Morag MacDougal
0%
Aucun quiz correspondant
Distribution des résultats
% des personnes avec chaque résultat
Percentile par nombre de réponses
Votre historique - résultats
Vous n’avez pas pris ce quiz depuis la dernière actualisation